แสดงรายละเอียดบรรณานุกรม
  กลับหน้าหลัก

Brief Record : Get Marc (ISO 2709) : E-mail record : QR code ปิดหน้าต่าง
สารบัญ Review โดย
ใช้งานได้ทุกระบบ
ห้องสมุด วพบ.ขอนแก่น
ใช้งานได้ทุกระบบ เมื่อ28/มกราคม/2558
  • บทที่ 1 บทนำวิทยาการระบาดโรคมะเร็ง
  • บทที่ 2 การวัดการเกิดโรคมะเร็ง
  • บทที่ 3 การวัดปัจจัยที่สัมผัส
  • บทที่ 4 รูปแบบการศึกษา
  • บทที่ 5 การศึกษาแบบทดลอง
  • บทที่ 6 การศึกษาแบบไปข้างหน้า
  • บทที่ 7 การศึกษาแบบย้อนหลัง
  • บทที่ 8 การศึกษาแบบสำรวจ
  • บทที่ 9 การศึกษาจากงานประจำ
  • บทที่ 10 การศึกษาอัตรารอดชีพ
  • บทที่ 11 การควบคุมตัวแปรกวน
  • บทที่ 12 การควบคุมและป้องกันโรคมะเร็ง
  • บทที่ 13 ทะเบียนมะเร็ง

E-books : เกี่ยวกับ Collections
LEADER 00000nam 2200000uu 4500
001    208200
003     ULIBM
008    120921s2554||||th 000 0 tha d
024    ^a9786162231056
040    ^abcnkk
041 0  ^atha^beng
060  0 ^aQZ220.1 ส829 2554
100 0  ^aสุพรรณี พรหมเทศ.
245 00 ^aวิทยาการระบาดโรคมะเร็ง : หลักและวิธีการ./^bสุพรรณี พรหมเทศ.
246 0  ^aตำราวิทยาศาสตร์สุขภาพ
250    ^aพิมพ์ครั้งที่ 1.
260    ^aขอนแก่น : ^bโรงพิมพ์มหาวิทยาลัยขอนแก่น,^c2554.
300    ^a236 หน้า;^bภาพประกอบ.
440  0 ^aทุนส่งเสริมการผลิตตำรามหาวิทยาลัยขอนแก่น ลำดับที่ 39.
650  4 ^aมะเร็ง ^xระบาดวิทยา.
650  4 ^aการเฝ้าระวังโรค.
650  4 ^aระบาดวิทยา.
650  4 ^aตำราวิทยาศาสตร์สุขภาพ
710 1  ^aมหาวิทยาลัยขอนแก่น. คณะสาธารณสุขศาสตร์.
999    ^aใช้งานได้ทุกระบบ
รายการนี้ยังไม่มีแท็ก
คุณยังไม่ได้ล็อกอิน คุณสามารถมีกิจกรรมร่วมกับเว็บไซต์ได้ แต่ต้องล็อกอินก่อน ::
  ล็อกอิน
ลำดับที่ ประเภท เลขเรียก สถานที่ สถานะ
1. หนังสือสำรอง
หนังสือสำรอง
สถานะ=หนังสือเก่า - บริการ ณ ห้องสมุด (ห้องเหลือง)
QZ220.1 ส829 2554  
  
วิทยาศาสตร์สุขภาพ On Shelf
  ขอยืม
2. วิทยาศาสตร์สุขภาพ
วิทยาศาสตร์สุขภาพ
สถานะ=หนังสือเก่า - บริการ ณ ห้องสมุด (ห้องเหลือง)
QZ220.1 ส829 2554 ฉ.2 
  
วิทยาศาสตร์สุขภาพ On Shelf
  ขอยืม
3. วิทยาศาสตร์สุขภาพ
วิทยาศาสตร์สุขภาพ
สถานะ=หนังสือเก่า - บริการ ณ ห้องสมุด (ห้องเหลือง)
QZ220.1 ส829 2554 ฉ.3 
  
วิทยาศาสตร์สุขภาพ On Shelf
  ขอยืม
4. วิทยาศาสตร์สุขภาพ
วิทยาศาสตร์สุขภาพ
สถานะ=หนังสือเก่า - บริการ ณ ห้องสมุด (ห้องเหลือง)
QZ220.1 ส829 2554 ฉ.5 
  
วิทยาศาสตร์สุขภาพ On Shelf
  ขอยืม
Note:ปีงบประมาณ 2555
5. วิทยาศาสตร์สุขภาพ
วิทยาศาสตร์สุขภาพ
สถานะ=หนังสือเก่า - บริการ ณ ห้องสมุด (ห้องเหลือง)
QZ220.1 ส829 2554 ฉ.6 
  
วิทยาศาสตร์สุขภาพ On Shelf
  ขอยืม
Note:ปีงบประมาณ 2555
   [แสดง 5/5 รายการ]

รายการใกล้เคียง
    หัวเรื่อง [ระบาดวิทยา.]
    หัวเรื่อง [ตำราวิทยาศาสตร์สุขภาพ]

BibComment


ยังไม่เคยถูกคอมเมนท์

คอมเมนท์ทรัพยากรรายการนี้
  คอมเมนท์: วิทยาการระบาดโรค..
Bib 208200

 
 
 

 Union Library Management : ULibM
Copyright 2026. All Rights Reserved.
скачать бесплатно без регистрации порно красивый секс HD Sex Hindi sex

xxx gou

xxxx

bfxxx

xxxwww

Секса Видео

xxxx

Секса Видео

detube

geilexxx

C99 Shell

worms shell

blod xxx video
Ebony Coed Rihanna Rimes Takes A Dick In Her Young Twat priyaa indian fuck anal and pusssy hardcore indian women xxx desi hardcore fucking part 1 bengalixxxcouple